书目信息 |
| 题名: |
苏联理论界论社会主义社会的阶级
|
|
| 作者: | ;中国社会科学院情报研究所 编 | |
| 分册: | ||
| 出版信息: | 北京 中国社会科学出版社 1980 |
|
| 页数: | 218页 | |
| 开本: | 19cm | |
| 丛书名: | 国外社会科学资料丛书 | |
| 单 册: | ||
| 中图分类: | D033.4 , C0 | |
| 科图分类: | ||
| 主题词: | 社会主义社会-阶级分析 , 阶级分析-社会主义社会 , 社会科学--理论 , 社会科学--方法论 | |
| 电子资源: | ||
| ISBN: | ||
| 000 | 00898oam2 2200289 450 | |
| 001 | 1569126825 | |
| 005 | 20150117191236.87 | |
| 010 | @dCNY0.57 | |
| 091 | @a3190.013 | |
| 100 | @a19950602d1980 kemy0chiy0110 ea | |
| 101 | 0 | @achi |
| 102 | @aCN@b110000 | |
| 105 | @ay z 000yy | |
| 200 | 1 | @a苏联理论界论社会主义社会的阶级@9su lian li lun jie lun she hui zhu yi she hui de jie ji@f中国社会科学院情报研究所编译 |
| 210 | @a北京@c中国社会科学出版社@d1980 | |
| 215 | @a218页@d19cm | |
| 225 | 2 | @a国外社会科学资料丛书 |
| 461 | 0 | @12001 @a国外社会科学资料丛书 |
| 606 | 0 | @a社会主义社会-阶级分析 |
| 606 | 0 | @a阶级分析-社会主义社会 |
| 606 | 0 | @a社会科学@x理论 |
| 606 | 0 | @a社会科学@x方法论 |
| 690 | @aD033.4@v5 | |
| 690 | @aC0@v4 | |
| 711 | 02 | @a中国社会科学院情报研究所@9zhong guo she hui ke xue yuan qing bao yan jiu suo@4编 |
| 801 | 0 | @aCN@bTSSF@c20150115 |
| 905 | @aZUCC@dC0@eJY4 | |
| 苏联理论界论社会主义社会的阶级/中国社会科学院情报研究所编译.-北京:中国社会科学出版社,1980 |
| 218页;19cm.-(国外社会科学资料丛书) |
| ISBN :CNY0.57 |
| ● |
| 相关链接 |
|
|
|
|
正题名:苏联理论界论社会主义社会的阶级
索取号:C0/JY4
 
预约/预借
| 序号 | 登录号 | 条形码 | 馆藏地/架位号 | 状态 | 备注 |
| 1 | 7841552 | 278415528 | 学院路分馆/ [索取号:C0/JY4] | 在馆 |